Normal view
MARC view
- Goldsmith, Sara
Entry Personal Name
001 - CONTROL NUMBER
- control field: 120571
003 - CONTROL NUMBER IDENTIFIER
- control field: NUST
005 - DATE AND TIME OF LATEST TRANSACTION
- control field: 20240215141607.0
008 - FIXED-LENGTH DATA ELEMENTS
- fixed length control field: 240215|| aca||aabn | a|a d
040 ## - CATALOGING SOURCE
- Original cataloging agency: NUST
- Transcribing agency: NUST
100 ## - HEADING--PERSONAL NAME
- Personal name: Goldsmith, Sara
670 ## - SOURCE DATA FOUND
- Source citation: Work cat.: (NUST): Vitamin green /, 2012.
